| 000 | 00410nam a2200145 i 4500 | ||
|---|---|---|---|
| 001 | 28921 | ||
| 003 | ES-MaACL | ||
| 007 | t| | ||
| 008 | 030120s1983 sp ||||1| spa d | ||
| 110 | 2 |
_aBanco de Bilbao. _92097 |
|
| 245 | 1 | 0 |
_aMemoria cultural _b: (1972-1983) / _cBanco de Bilbao. |
| 260 |
_aBilbao : _bBanco de Bilbao, _c[1983] |
||
| 300 |
_a128 p. : _bil. ; _c28 cm. |
||
| 852 |
_aES-MaACL _jL-8671 _bR.108441 |
||
| 999 |
_c28921 _d28921 |
||